5HLuxD.jpg

KING HENRY VIII SENIOR AND PRIMARY SCHOOL LIBRARY OPAC

Cambridge IGCSE Physical Education : (Record no. 3780)

000 -LEADER
fixed length control field 01082nam a22002297a 4500
003 - CONTROL NUMBER IDENTIFIER
control field OSt
005 - DATE AND TIME OF LATEST TRANSACTION
control field 20241026133321.0
008 - FIXED-LENGTH DATA ELEMENTS--GENERAL INFORMATION
fixed length control field 241026b ||||| |||| 00| 0 eng d
020 ## - INTERNATIONAL STANDARD BOOK NUMBER
International Standard Book Number 9780008202170
040 ## - CATALOGING SOURCE
Transcribing agency KH8
082 ## - DEWEY DECIMAL CLASSIFICATION NUMBER
Classification number 796 FRA
100 ## - MAIN ENTRY--PERSONAL NAME
Personal name Fraser, Leon,
Relator term author.
245 ## - TITLE STATEMENT
Title Cambridge IGCSE Physical Education :
Remainder of title Teacher Guide /
Statement of responsibility, etc. Leon Fraser, Gareth Norman and Matthew Brown.
260 ## - PUBLICATION, DISTRIBUTION, ETC.
Place of publication, distribution, etc. London ;
Name of publisher, distributor, etc. Collins,
Date of publication, distribution, etc. 2017.
300 ## - PHYSICAL DESCRIPTION
Extent 200 pages :
Other physical details illustrations ;
Dimensions 30 cm.
520 ## - SUMMARY, ETC.
Summary, etc. Collins Cambridge IGCSE® PE is the only published course to offer comprehensive coverage of the Cambridge IGCSE® PE syllabus. Consisting of a clear, colourful Student Book, a supportive Teacher’s Guide and a digital component for reinforcement of key syllabus topics, the course enables students to deepen their understanding and build confidence.
650 ## - SUBJECT ADDED ENTRY--TOPICAL TERM
Topical term or geographic name entry element Physical education and training
Form subdivision Study and teaching
650 ## - SUBJECT ADDED ENTRY--TOPICAL TERM
Topical term or geographic name entry element Physical education and training
Form subdivision Teacher's book
700 ## - ADDED ENTRY--PERSONAL NAME
Personal name Norman, Gareth,
Relator term author.
700 ## - ADDED ENTRY--PERSONAL NAME
Personal name Brown, Matthew.
Relator term author.
942 ## - ADDED ENTRY ELEMENTS (KOHA)
Source of classification or shelving scheme
Koha item type Teaching Resources
Holdings
Withdrawn status Lost status Source of classification or shelving scheme Damaged status Not for loan Collection code Permanent Location Current Location Shelving location Date acquired Total Checkouts Full call number Barcode Date last seen Date last checked out Price effective from Koha item type
          Teaching Resources KH8 Senior School Library KH8 Senior School Library Staff Office 2024-10-26 1 796 FRA TRKHSL005911 2025-05-26 2024-12-09 2024-10-26 Teaching Resources

Powered By KH8 IT Dept